000 00580nam a22002057a 4500
005 20251108172502.0
008 250721s9999 xx 000 0 ara d
082 1 4 _a618.1علب
100 1 _aعلي، محي الدين طالو
245 1 0 _aأمراض النساء /
264 1 _aبيروت :
_bدار ابن كثير،
300 _a750 ص
650 1 7 _aالأمراض
650 1 7 _aالأمراض النسائية
650 1 7 _aأمراض المهبل
650 1 7 _aالأمراضالتناسلية
650 1 7 _aالحمل
942 _2ddc
_cBK
999 _c80560
_d80560